Bohemundo de Antioquía

Kaydedildi:
Detaylı Bibliyografya
Yazar: Flori, Jean (Yazar)
Materyal Türü: Kitap
Dil:İspanyolca
Baskı/Yayın Bilgisi: Barcelona Edhasa 2009
Edisyon:1a. ed
Konular:
Etiketler: Etiketle
Etiket eklenmemiş, İlk siz ekleyin!

MARC

LEADER 00000cam a2200000 a 4500
001 UCG8908
003 CL-VaPUC
008 120106e20090500SP |||||||||||||||||spa|d
020 |a 9788435026932 
082 0 4 |a 920.008  |b FLO  |2 21 
100 0 |a Flori, Jean  |e author  |9 560179 
245 1 0 |a Bohemundo de Antioquía 
250 |a 1a. ed 
300 |a 509 p 
942 |c BK 
945 |d 20120106 00:00:00  |a dcastane 
260 |a Barcelona  |b Edhasa  |c 2009 
650 0 |a Edad media  |9 258041 
650 0 |a Biografías  |9 255210 
583 |a last modification  |c 20120106 11:45:00  |k Rodrigo Vera 
999 |c 346495  |d 346493 
952 |0 0  |1 0  |4 0  |6 920_008000000000000_FLO_2009  |7 0  |8 A  |9 447191  |a BIBHIS  |b BIBHIS  |d 2019-11-22  |i 4819764  |o 920.008 FLO 2009  |p 4819764  |r 2023-01-25  |w 2019-11-22  |y BK  |k HIS